| 000 | 00749nam a22002297a 4500 | ||
|---|---|---|---|
| 001 | 8547 | ||
| 003 | FISKH | ||
| 005 | 20250919082110.0 | ||
| 008 | 250919b cb ||||| |||| 00| 0 eng d | ||
| 020 | _a9780582776401 | ||
| 040 |
_aFISKH _beng _cFISKH _dFISKH |
||
| 050 | _aPE1628 | ||
| 082 | _a 423 | ||
| 100 | _aFrisby, A.W. | ||
| 245 |
_aLongman pocket English dictionary : _bAll the words you need! / |
||
| 260 |
_aEssex : _bLongman, _c2001. |
||
| 300 |
_a631 pages : _bcolor illustrations ; _c16 cm |
||
| 520 | _aOver 16,000 words and phrases Clear and easy definitions Thousands of examples showing real usage 15 pages of colour pictures | ||
| 650 |
_aDictionary _vReference _xNon-Fiction _yEnglish |
||
| 942 |
_2ddc _cBK _n0 |
||
| 999 |
_c8547 _d8547 |
||